Anak yang salih(2) : cara mendidik anak dalam Islam

Bibliographic Details
Main Author: Umar Hasyim
Format: Book
Published: Singapura : Pustaka Nasional , 1989
Subjects:

MARC

LEADER 00000cam a2200000 7i4500
001 0000004523
002 000004878
005 20000330.0
020 |a 9971771322 
090 0 0 |a 649.1   |b UMA 
100 0 |a Umar Hasyim 
245 1 0 |a Anak yang salih(2) :   |b cara mendidik anak dalam Islam   |c Umar Hashim 
260 |a Singapura :   |b Pustaka Nasional ,   |c 1989 
300 |a 180 p. ;   |c 22 cm. 
650 0 0 |a Child discipline   |x Islam 
999 |a 034606   |b BUKU   |c PINJAMAN   |e PERPUSTAKAAN KOMUNITI PETALING JAYA 
999 |a 034607   |b BUKU   |c PINJAMAN   |e PERPUSTAKAAN KOMUNITI PETALING JAYA